[Event "DVM 2005 u20"]
[Site "Berlin"]
[Date "2005.12.28"]
[Round "3.1"]
[White "Krämer, Martin"]
[Black "Hillmann, Michael"]
[Result "1-0"]
[WhiteElo "2394"]
[BlackElo "2067"]
[PlyCount "45"]
[EventDate "1905.??.??"]

1. e4 c6 2. Nc3 d5 3. Nf3 dxe4 4. Nxe4 Bf5 5. Ng3 Bg6 6. h4 h6 7. Ne5 Bh7 8.
Qh5 g6 9. Qf3 Nf6 10. Bc4 e6 11. d4 Bg7 12. Ne4 O-O 13. Nxf6+ Qxf6 14. Qxf6
Bxf6 15. Bxh6 Bg7 16. Bxg7 Kxg7 17. O-O-O f6 18. Nd3 Bg8 19. Nc5 Re8 20. Nxb7
Nd7 21. Nc5 Nb6 22. Ba6 Rad8 23. Bb7 1-0

[Event "DVM 2005 u20"]
[Site "Berlin"]
[Date "2005.12.28"]
[Round "3.2"]
[White "Günther, Christian"]
[Black "Holzschuh, Stephan"]
[Result "0-1"]
[WhiteElo "2029"]
[BlackElo "2257"]
[PlyCount "50"]
[EventDate "1905.??.??"]

1. d4 Nf6 2. c4 c5 3. d5 b5 4. cxb5 a6 5. b6 d6 6. Nc3 Nbd7 7. e4 g6 8. Nf3 Bg7
9. Bd3 O-O 10. O-O Nxb6 11. Nd2 Nfd7 12. f4 Qc7 13. Na4 c4 14. Be2 Nxa4 15.
Qxa4 c3 16. Nc4 cxb2 17. Nxb2 Rb8 18. Rb1 Qb6+ 19. Kh1 Nc5 20. Qc2 Nxe4 21. Bd3
Nc3 22. Ra1 Nxd5 23. Nc4 Qd4 24. Rb1 Nb4 25. Qe2 Be6 0-1

[Event "DVM 2005 u20"]
[Site "Berlin"]
[Date "2005.12.28"]
[Round "3.3"]
[White "Wehner, Jannis"]
[Black "Strache, Michael"]
[Result "0-1"]
[WhiteElo "2237"]
[BlackElo "2083"]
[PlyCount "106"]
[EventDate "1905.??.??"]

1. g3 f5 2. Bg2 Nf6 3. c4 g6 4. Nc3 Bg7 5. d3 O-O 6. e3 d6 7. Nge2 c6 8. O-O
Qe8 9. Rb1 Na6 10. b4 Bd7 11. Bd2 Qf7 12. f4 e5 13. fxe5 dxe5 14. e4 Qe7 15. a3
Nh5 16. Na4 Rad8 17. Be3 b6 18. Qc2 Nc7 19. Rbe1 Ne6 20. exf5 gxf5 21. d4 exd4
22. Bf4 Nhxf4 23. Nxf4 Qf7 24. b5 Nxf4 25. Rxf4 Be6 26. bxc6 d3 27. Qb3 d2 28.
Rd1 Be5 29. Rh4 Bd4+ 30. Kh1 Bxc4 31. Qb4 a5 32. Qb1 Bf6 33. Rxc4 Qxc4 34. Nxb6
Qe2 35. Nd7 Rde8 36. Rf1 Rf7 37. Qb3 Kg7 38. Nxf6 Rxf6 39. c7 Rd6 40. Qc3+ Kg6
41. c8=Q Rxc8 42. Qxc8 Qxf1+ 43. Bxf1 d1=Q 44. Qg8+ Kf6 45. Qh8+ Ke6 46. Qe8+
Kd5 47. Qa8+ Kd4 48. Qh8+ Ke4 49. Qe8+ Kf3 50. Qb5 Kf2 51. Qb2+ Kxf1 52. Qg2+
Ke1 53. Kg1 Qe2 0-1

[Event "DVM 2005 u20"]
[Site "Berlin"]
[Date "2005.12.28"]
[Round "3.4"]
[White "Wendling, Hannes"]
[Black "Buckan, Jens"]
[Result "1/2-1/2"]
[WhiteElo "2088"]
[BlackElo "2107"]
[PlyCount "60"]
[EventDate "1905.??.??"]

1. e4 c5 2. Nf3 d6 3. d4 cxd4 4. Nxd4 Nf6 5. Nc3 a6 6. f3 e6 7. Be3 Be7 8. Qd2
Qc7 9. g4 Nc6 10. O-O-O Nd7 11. Kb1 Nde5 12. Qg2 Nxd4 13. Bxd4 O-O 14. h4 b5
15. g5 Bd7 16. Rc1 Nc6 17. Bf6 Rad8 18. h5 Kh8 19. Bxe7 Nxe7 20. g6 h6 21. gxf7
Rxf7 22. Bd3 b4 23. Ne2 e5 24. Rhg1 Be6 25. f4 Bc4 26. Rcd1 Bxd3 27. Rxd3 Ng8
28. fxe5 dxe5 29. Rxd8 Qxd8 30. Qg6 Qf6 1/2-1/2

[Event "DVM 2005 u20"]
[Site "Berlin"]
[Date "2005.12.28"]
[Round "3.5"]
[White "Gehlhaar, Christian"]
[Black "Bürckner, Georg"]
[Result "1-0"]
[WhiteElo "2095"]
[BlackElo "1816"]
[PlyCount "83"]
[EventDate "1905.??.??"]

1. e4 c5 2. Nf3 Nc6 3. d4 cxd4 4. Nxd4 Nf6 5. Nc3 d6 6. Be2 e5 7. Nb3 Be6 8.
Bg5 Be7 9. Bxf6 Bxf6 10. Nd5 Bg5 11. O-O O-O 12. Bg4 Re8 13. c3 Rc8 14. Qf3 Qd7
15. h3 Bxg4 16. Qxg4 Qxg4 17. hxg4 Ne7 18. Nb4 Red8 19. Rad1 b6 20. g3 a5 21.
Nc2 Rc4 22. f4 exf4 23. Nd2 Rc7 24. gxf4 Bh4 25. Ne3 g5 26. f5 Bg3 27. Nf3 h6
28. f6 Bf4 29. Ng2 Ng6 30. Nd4 d5 31. Nf5 Rcd7 32. exd5 Kh7 33. Nxf4 Nxf4 34.
c4 Rc8 35. b3 b5 36. Ne7 Rcc7 37. Nc6 bxc4 38. bxc4 Rb7 39. Rd2 a4 40. Re1 Ng6
41. Re7 Rb1+ 42. Kf2 1-0

[Event "DVM 2005 u20"]
[Site "Berlin"]
[Date "2005.12.28"]
[Round "3.6"]
[White "Richter, Dustin"]
[Black "Hermann, Ingo"]
[Result "0-1"]
[WhiteElo "1432"]
[BlackElo "2007"]
[PlyCount "80"]
[EventDate "1905.??.??"]

1. e4 e6 2. d4 d5 3. Nc3 Nf6 4. Bg5 dxe4 5. Nxe4 Nbd7 6. Nf3 Be7 7. Ng3 O-O 8.
Bd3 b6 9. O-O Bb7 10. Re1 c5 11. c3 h6 12. Be3 Qc7 13. h3 Rfd8 14. Nd2 Nd5 15.
Nde4 Nxe3 16. Rxe3 cxd4 17. cxd4 Nf6 18. Rc1 Qd7 19. Ne2 Rac8 20. N4c3 Rc7 21.
Bb5 Qc8 22. Ba4 Bb4 23. a3 Bxc3 24. Rexc3 Rxc3 25. Rxc3 Qa8 26. f3 Nd5 27. Rc1
Qb8 28. Nc3 Qf4 29. Ne2 Qe3+ 30. Kh1 Ba6 31. Rc2 Qg5 32. Qg1 Bd3 33. Qf2 Bxc2
34. Bxc2 Qe3 35. Qxe3 Nxe3 36. Bb3 Nf5 37. Nf4 Nxd4 38. Ba2 Nb5 39. Bc4 Nc7 40.
Kg1 Rd4 0-1

[Event "DVM 2005 u20"]
[Site "Berlin"]
[Date "2005.12.28"]
[Round "3.1"]
[White "Nüsken, Nikolas"]
[Black "Mutschnik, Illya"]
[Result "0-1"]
[WhiteElo "2302"]
[BlackElo "2414"]
[PlyCount "50"]
[EventDate "1905.??.??"]

1. e4 c5 2. Nf3 e6 3. d4 cxd4 4. Nxd4 Nc6 5. Nc3 Qc7 6. Be3 a6 7. Be2 Nf6 8. a3
Na5 9. f4 Nc4 10. Bxc4 Qxc4 11. e5 Nd5 12. Nxd5 Qxd5 13. Qg4 b5 14. O-O-O Bb7
15. Rhg1 Qa2 16. Nb3 Rc8 17. Nd2 Bxa3 18. Bd4 O-O 19. Qh3 Bb4 20. Qd3 Bd5 21.
c3 Be7 22. Ne4 Qa1+ 23. Kc2 Bb3+ 24. Kd2 Qxb2+ 25. Ke1 Bxd1 0-1

[Event "DVM 2005 u20"]
[Site "Berlin"]
[Date "2005.12.28"]
[Round "3.2"]
[White "Strohhäker, Raoul"]
[Black "Abel, Dennes"]
[Result "0-1"]
[WhiteElo "2285"]
[BlackElo "2186"]
[PlyCount "128"]
[EventDate "1905.??.??"]

1. e4 c5 2. Nf3 Nc6 3. d4 cxd4 4. Nxd4 Nf6 5. Nc3 e5 6. Ndb5 d6 7. Bg5 a6 8.
Na3 b5 9. Nd5 Be7 10. Bxf6 Bxf6 11. c4 b4 12. Nc2 Rb8 13. b3 O-O 14. h4 a5 15.
g3 Be6 16. Bh3 Be7 17. Kf1 Qd7 18. Kg2 Bxh3+ 19. Rxh3 f5 20. exf5 Rxf5 21. Rh1
Rbf8 22. Rf1 R5f7 23. Qe2 Qf5 24. Nxe7+ Nxe7 25. Rad1 Qg6 26. Ne3 Qe4+ 27. Kg1
Rf6 28. Qd3 Qb7 29. Nd5 Rg6 30. Nxe7+ Qxe7 31. Rfe1 Kh8 32. Re4 Rgf6 33. Rd2 h6
34. Qd5 Qa7 35. Ree2 Qb6 36. Qe4 Rf3 37. Kg2 R3f6 38. Kg1 Rf3 39. Re3 R3f6 40.
Kg2 Qc7 41. Red3 Qf7 42. Qe3 Qb7+ 43. Kg1 Qc6 44. Rd5 Qc7 45. c5 dxc5 46. Qxc5
Qb7 47. Qxa5 e4 48. Qc5 Rf3 49. Rd7 Qb8 50. R2d6 e3 51. Qe5 exf2+ 52. Kf1 R3f6
53. Rxf6 Qxe5 54. Rxf8+ Kh7 55. Kg2 Qe4+ 56. Kxf2 Qc2+ 57. Ke1 Qc3+ 58. Rd2
Qxg3+ 59. Rff2 Qxh4 60. Kd1 Qe4 61. Kc1 h5 62. Rf7 Qg6 63. Rdd7 h4 64. Rf8 Qc6+
0-1

[Event "DVM 2005 u20"]
[Site "Berlin"]
[Date "2005.12.28"]
[Round "3.3"]
[White "Hoffmann, Lukas"]
[Black "Beck, Frederik"]
[Result "0-1"]
[WhiteElo "2149"]
[BlackElo "2214"]
[PlyCount "80"]
[EventDate "1905.??.??"]

1. e4 c5 2. Nf3 e6 3. c3 Nf6 4. Bd3 d5 5. exd5 Qxd5 6. Bc2 Nc6 7. d4 cxd4 8.
cxd4 Be7 9. Nc3 Qd6 10. a3 O-O 11. Nb5 Qd8 12. Rb1 b6 13. Nc3 Bb7 14. Qd3 Qd6
15. Bg5 g6 16. h4 Rad8 17. Rd1 Rfe8 18. h5 e5 19. hxg6 hxg6 20. Nxe5 Nxe5 21.
dxe5 Qxe5+ 22. Qe3 Bc5 23. Rxd8 Bxe3 24. Rxe8+ Nxe8 25. Bxe3 Bxg2 26. Rh4 Nd6
27. Kd2 b5 28. Bd3 a6 29. Kc2 Qe7 30. Rh2 Bf3 31. a4 b4 32. Bd4 f6 33. Nb1 Be4
34. Nd2 Bxd3+ 35. Kxd3 Nf5 36. Nf3 Qd6 37. Rg2 Qd5 38. Rxg6+ Kh7 39. Rxf6 Qxf3+
40. Kc4 Qe2+ 0-1

[Event "DVM 2005 u20"]
[Site "Berlin"]
[Date "2005.12.28"]
[Round "3.4"]
[White "Schaaf, Robert"]
[Black "Laake, Jasmin"]
[Result "1/2-1/2"]
[WhiteElo "2113"]
[BlackElo "1974"]
[PlyCount "113"]
[EventDate "1905.??.??"]

1. e4 c5 2. c3 Nf6 3. d3 Nc6 4. f4 d5 5. e5 Nd7 6. Nf3 Nb6 7. Be2 Bg4 8. O-O e6
9. Nbd2 Be7 10. h3 Bf5 11. Re1 O-O 12. a3 f6 13. Nf1 Qc7 14. d4 cxd4 15. cxd4
Rac8 16. Bd2 fxe5 17. fxe5 Nc4 18. Bc3 b5 19. Bxc4 dxc4 20. d5 Qb6+ 21. Kh1
exd5 22. Ne3 d4 23. Nd5 Qc5 24. Nxe7+ Qxe7 25. Nxd4 Nxd4 26. Qxd4 Rcd8 27. Qg1
Qb7 28. Re3 Be6 29. Bb4 Rf5 30. Bd6 Qf7 31. Rae1 Rd7 32. R3e2 h6 33. Qe3 Qg6
34. Rf2 Bd5 35. Ree2 Rdf7 36. Qd2 Qg3 37. Qxd5 Rxf2 38. Rxf2 Qxf2 39. e6 Qe1+
40. Kh2 Rf6 41. e7+ Kh7 42. Bb4 Qe3 43. Qxb5 Rg6 44. Qb8 Re6 45. Bd6 Qe2 46.
Qa8 Qe4 47. Qb8 Rg6 48. Bg3 Qe2 49. Qf4 Qd3 50. Qe5 Rb6 51. Bf2 Rf6 52. Bxa7
Qc2 53. Bd4 Rg6 54. Qd5 Qc1 55. Qe4 Qd1 56. h4 Qd3 57. Qe5 1/2-1/2

[Event "DVM 2005 u20"]
[Site "Berlin"]
[Date "2005.12.28"]
[Round "3.5"]
[White "Wolf, Christoph"]
[Black "Hauser, Carlos"]
[Result "0-1"]
[WhiteElo "1954"]
[BlackElo "2131"]
[PlyCount "76"]
[EventDate "1905.??.??"]

1. e4 c5 2. c3 Nf6 3. e5 Nd5 4. d4 cxd4 5. Nf3 e6 6. cxd4 b6 7. Bg5 Be7 8. Bxe7
Qxe7 9. a3 O-O 10. Nbd2 f6 11. Ne4 fxe5 12. dxe5 Nc6 13. Nd6 Nxe5 14. Nxe5 Qxd6
15. Nf3 Bb7 16. Be2 Qe7 17. O-O Nf4 18. Rc1 Nxe2+ 19. Qxe2 Bxf3 20. gxf3 Rac8
21. Rcd1 Rf6 22. Rd4 Rcf8 23. Qb5 d5 24. Qe2 Qf7 25. Re1 Rg6+ 26. Rg4 Rxg4+ 27.
fxg4 e5 28. Qd2 e4 29. Rd1 Kh8 30. Qe3 h6 31. Rd2 Qe6 32. Qb3 Qxg4+ 33. Kf1 Qf4
34. Ke1 Qxh2 35. Qe3 Rf3 36. Qd4 e3 37. fxe3 Qg1+ 38. Ke2 Qf1# 0-1

[Event "DVM 2005 u20"]
[Site "Berlin"]
[Date "2005.12.28"]
[Round "3.6"]
[White "Stiefel, Michael"]
[Black "Wall, Max"]
[Result "1/2-1/2"]
[WhiteElo "2057"]
[BlackElo "1889"]
[PlyCount "100"]
[EventDate "1905.??.??"]

1. e4 c5 2. Nf3 d6 3. d4 cxd4 4. Nxd4 Nf6 5. Nc3 Nc6 6. Bg5 e6 7. Qd2 Be7 8.
O-O-O Nxd4 9. Qxd4 O-O 10. f4 Qa5 11. Kb1 Rd8 12. Be2 Bd7 13. Qd2 Qc7 14. Bxf6
gxf6 15. g4 Bc6 16. Bf3 Bf8 17. Qg2 Qe7 18. h4 Bg7 19. Ne2 Kf8 20. f5 Rd7 21.
Nf4 e5 22. Nh5 Bh8 23. Rhg1 Ke8 24. g5 Rdd8 25. Qd2 Kd7 26. Ng3 Rg8 27. Ne2 Kc7
28. Nc3 Rad8 29. Be2 Qd7 30. Bc4 b5 31. Bd5 b4 32. Bxc6 bxc3 33. Bxd7 cxd2 34.
Bb5 d5 35. Bd3 dxe4 36. Bxe4 Rd4 37. Bf3 Rf4 38. Be2 Rxh4 39. Rxd2 fxg5 40.
Rgd1 Rd4 41. Rxd4 exd4 42. Bh5 Rf8 43. c3 dxc3 44. bxc3 Bxc3 45. Rc1 Rb8+ 46.
Kc2 Be5 47. Bxf7 Rf8 48. Kd3+ Kd6 49. Ke4 Bf6 50. Be6 Rd8 1/2-1/2

[Event "DVM 2005 u20"]
[Site "Berlin"]
[Date "2005.12.28"]
[Round "3.1"]
[White "Brener, Ilja"]
[Black "Zaragatski, Ilja"]
[Result "1/2-1/2"]
[WhiteElo "2334"]
[BlackElo "2376"]
[PlyCount "86"]
[EventDate "1905.??.??"]

1. d4 d5 2. c4 Nc6 3. Nc3 Nf6 4. Nf3 dxc4 5. d5 Na5 6. e4 c6 7. Bg5 cxd5 8.
exd5 e6 9. Bxf6 gxf6 10. Bxc4 Nxc4 11. Qa4+ Bd7 12. Qxc4 Rc8 13. Qe2 Bg7 14.
O-O O-O 15. dxe6 fxe6 16. Rfd1 Qe7 17. Rd2 e5 18. Rad1 Be6 19. Nd5 Qf7 20. Ne3
Rc7 21. b3 Bh6 22. Rd6 Rd7 23. Rxd7 Bxd7 24. Nh4 Bxe3 25. Qxe3 a6 26. Qd3 Be6
27. Nf5 Kh8 28. Ne3 Rc8 29. h3 Qg6 30. Kh2 Qxd3 31. Rxd3 Kg7 32. g4 Kf7 33. Rd6
Rc6 34. Rd8 Rc8 35. Rd6 Rc6 36. Rd8 Rc7 37. Kg3 Rd7 38. Rb8 Kg6 39. f4 exf4+
40. Kxf4 Rd4+ 41. Kf3 Rb4 42. Ng2 Bd5+ 43. Kg3 Bxg2 1/2-1/2

[Event "DVM 2005 u20"]
[Site "Berlin"]
[Date "2005.12.28"]
[Round "3.3"]
[White "Becker, Nils"]
[Black "Pilat, Daniel"]
[Result "1-0"]
[WhiteElo "2122"]
[BlackElo "2144"]
[PlyCount "143"]
[EventDate "1905.??.??"]

1. e4 c5 2. Nf3 a6 3. d4 cxd4 4. Nxd4 Nf6 5. Nc3 e5 6. Nf3 Bb4 7. Bc4 Qc7 8.
Qd3 b5 9. Bb3 Bb7 10. Bd2 d6 11. Nd5 Bxd2+ 12. Qxd2 Nxd5 13. Bxd5 Bxd5 14. Qxd5
Nc6 15. O-O O-O 16. c3 Rad8 17. a4 b4 18. Rfc1 Ne7 19. Qb3 bxc3 20. Rxc3 Qd7
21. Qa3 Ng6 22. h3 Nf4 23. Kh2 Qb7 24. Rd1 Qb6 25. Rc2 d5 26. Nxe5 Rfe8 27. Nc6
Rd7 28. exd5 h6 29. Qf3 Ng6 30. Qf5 Rd6 31. Rcd2 Qc7 32. Kg1 Nh4 33. Qh5 Re4
34. Rd4 Rxd4 35. Rxd4 Ng6 36. Qe2 Qd7 37. Qe4 Rf6 38. Rb4 Kh7 39. Ne5 Qa7 40.
Nd3 Qc7 41. Rc4 Qa5 42. Rc6 Rxc6 43. dxc6 f5 44. Qb4 Qd5 45. c7 Qd7 46. Qb8 Ne7
47. Qd8 Qe6 48. Qxe7 Qxe7 49. c8=Q Qe4 50. Qc3 Qxa4 51. Nc5 Qd1+ 52. Kh2 Qd6+
53. g3 Qb6 54. Qe5 Qg6 55. Qe6 Qh5 56. Kg2 f4 57. Qe4+ Kh8 58. Nxa6 fxg3 59.
fxg3 Qb5 60. Nb4 Qd7 61. Nd3 Qb5 62. b4 Qa4 63. Qb7 Qc2+ 64. Nf2 Qd2 65. b5 h5
66. b6 h4 67. Qa8+ Kh7 68. Qe4+ Kh8 69. b7 Qd6 70. Qe8+ Kh7 71. b8=Q Qxg3+ 72.
Qxg3 1-0

[Event "DVM 2005 u20"]
[Site "Berlin"]
[Date "2005.12.28"]
[Round "3.4"]
[White "Mazarov, Jürgen"]
[Black "Rutschke, Bernhard"]
[Result "1/2-1/2"]
[WhiteElo "1999"]
[BlackElo "2087"]
[PlyCount "107"]
[EventDate "1905.??.??"]

1. e4 c5 2. Nf3 Nc6 3. Bb5 g6 4. Bxc6 dxc6 5. h3 Bg7 6. d3 Nf6 7. Nc3 Nd7 8.
Be3 e5 9. Qd2 h6 10. O-O Qe7 11. Ne2 b6 12. c3 Bb7 13. Rad1 f5 14. exf5 gxf5
15. Rfe1 O-O-O 16. Qc2 Rhg8 17. b4 Bf6 18. Kh2 Qg7 19. Rg1 cxb4 20. cxb4 Kb8
21. a4 Bg5 22. a5 Rde8 23. Qc3 Qe7 24. Rc1 Bxe3 25. fxe3 Nf6 26. axb6 axb6 27.
Qd2 Ng4+ 28. Kh1 Nf2+ 29. Kh2 Ng4+ 30. Kh1 Nf2+ 31. Kh2 Nxd3 32. Qxd3 e4 33.
Qd4 exf3 34. Qf4+ Qc7 35. Qxc7+ Kxc7 36. gxf3 Rxg1 37. Rxg1 Bc8 38. Rg7+ Bd7
39. Nd4 Rxe3 40. Kg3 Re5 41. Rh7 f4+ 42. Kxf4 Rh5 43. Rf7 Rxh3 44. Ke5 Rh5+ 45.
Kf6 Kd6 46. Kg6 Be8 47. Kxh5 Bxf7+ 48. Kxh6 Kd5 49. Nf5 Be6 50. Ne7+ Kd6 51.
Ng6 Bf5 52. f4 c5 53. bxc5+ Kxc5 54. Kg5 1/2-1/2

[Event "DVM 2005 u20"]
[Site "Berlin"]
[Date "2005.12.28"]
[Round "3.5"]
[White "Beißer, Jacob"]
[Black "Fuhrmann, Marc Andre"]
[Result "0-1"]
[WhiteElo "2066"]
[BlackElo "1993"]
[PlyCount "46"]
[EventDate "1905.??.??"]

1. d4 d5 2. c4 c6 3. Nc3 Nf6 4. Nf3 dxc4 5. a4 Bf5 6. Ne5 e6 7. Nxc4 Bb4 8. e3
O-O 9. Be2 Nbd7 10. O-O Qc7 11. Qb3 a5 12. Bd2 e5 13. dxe5 Nxe5 14. Nxe5 Qxe5
15. Nb1 Bd6 16. g3 Ne4 17. Bc3 Qe7 18. Nd2 Ng5 19. Rfd1 Bc5 20. Nf1 Qe4 21. f3
Bxe3+ 22. Kh1 Nxf3 23. Qc4 Nh4+ 0-1

[Event "DVM 2005 u20"]
[Site "Berlin"]
[Date "2005.12.28"]
[Round "3.6"]
[White "Neftik, Ilja"]
[Black "Werner, Daniel"]
[Result "0-1"]
[WhiteElo "1587"]
[BlackElo "2167"]
[PlyCount "56"]
[EventDate "1905.??.??"]

1. e4 c5 2. Nf3 d6 3. d4 cxd4 4. Nxd4 Nf6 5. Nc3 a6 6. f3 e5 7. Nb3 Be6 8. Be3
Be7 9. Qd2 h5 10. O-O-O Nbd7 11. Kb1 Qc7 12. h3 b5 13. Nd5 Bxd5 14. exd5 Nb6
15. Bxb6 Qxb6 16. f4 Ne4 17. Qe2 Ng3 18. Qe1 Nxh1 19. fxe5 dxe5 20. Rd2 h4 21.
Qxe5 Qf6 22. Qe1 O-O 23. Bd3 Ng3 24. Rf2 Qg5 25. Qd1 Rad8 26. c4 bxc4 27. Bxc4
Qe3 28. Rf3 Qe4+ 0-1

[Event "DVM 2005 u20"]
[Site "Berlin"]
[Date "2005.12.28"]
[Round "3.2"]
[White "Möller, Hendrik"]
[Black "Bubolz, Konstantin"]
[Result "1/2-1/2"]
[WhiteElo "2160"]
[BlackElo "2042"]
[PlyCount "93"]
[EventDate "1905.??.??"]

1. e4 e6 2. d4 d5 3. Nc3 Bb4 4. e5 c5 5. a3 Bxc3+ 6. bxc3 Ne7 7. a4 Qc7 8. Nf3
h6 9. Be2 b6 10. Bd2 Ba6 11. Bxa6 Nxa6 12. O-O O-O 13. Nh4 Rac8 14. Qg4 Kh7 15.
f4 f5 16. exf6 Rxf6 17. Qe2 Nb8 18. g4 cxd4 19. g5 Rff8 20. Qxe6 dxc3 21. Be3
Qd7 22. g6+ Kh8 23. f5 Qxe6 24. fxe6 Rf6 25. Bd4 Rxe6 26. Rf7 Rg8 27. Kh1 Nbc6
28. Bxc3 d4 29. Bb2 Nxg6 30. Nf5 Rf6 31. Rxf6 gxf6 32. Nxd4 Nxd4 33. Bxd4 Kg7
34. a5 Ne5 35. axb6 axb6 {(=)} 36. Rg1+ Kf7 37. Rxg8 Kxg8 38. Bxb6 Kf7 39. Kg2
Ke6 40. Be3 h5 41. Kg3 Kf5 42. Bd4 Ke4 43. Bc3 Ng4 44. h3 Ne3 45. Bxf6 Nxc2 46.
Kh4 Kf5 47. Kxh5 1/2-1/2

[Event "DVM 2005 u20"]
[Site "Berlin"]
[Date "2005.12.28"]
[Round "3.3"]
[White "Jahnz, Fabian"]
[Black "Schnock, Stefan"]
[Result "1-0"]
[WhiteElo "2166"]
[BlackElo "2030"]
[PlyCount "63"]
[EventDate "1905.??.??"]

1. e4 e5 2. Nf3 Nc6 3. Bc4 Bc5 4. c3 Nf6 5. d3 a6 6. Qe2 d6 7. Bg5 O-O 8. Bb3
b5 9. Nbd2 Bb6 10. Bd5 Bd7 11. Nf1 Rb8 12. Ne3 Bxe3 13. fxe3 b4 14. O-O bxc3
15. bxc3 h6 16. Bxf6 Qxf6 17. Bxc6 Bxc6 18. Nd4 Qxf1+ 19. Rxf1 exd4 20. exd4 a5
21. Qc2 Rb6 22. Rb1 Rfb8 23. Rxb6 Rxb6 24. d5 Be8 25. Kf2 a4 26. Qc1 f6 27. c4
Kh7 28. Ke3 Kg8 29. c5 dxc5 30. Qxc5 Rb7 31. Qe7 Bf7 32. d6 1-0

[Event "DVM 2005 u20"]
[Site "Berlin"]
[Date "2005.12.28"]
[Round "3.4"]
[White "Stejskal, Janina Maria"]
[Black "Hertwig, Christopher"]
[Result "0-1"]
[WhiteElo "2045"]
[BlackElo "1939"]
[PlyCount "70"]
[EventDate "1905.??.??"]

1. e4 e6 2. d3 c5 3. Nf3 Nc6 4. g3 g6 5. Bg2 Bg7 6. O-O Nge7 7. Re1 d6 8. Nbd2
O-O 9. Nf1 Rb8 10. h4 b5 11. N1h2 e5 12. Be3 b4 13. Qc1 Nd4 14. Nxd4 cxd4 15.
Bh6 Qc7 16. Bxg7 Kxg7 17. g4 Bd7 18. h5 f6 19. Qd2 g5 20. Rec1 Rfc8 21. Bh3 a5
22. Nf3 a4 23. Ne1 a3 24. b3 Nc6 25. Kh2 Nd8 26. Kg3 Ne6 27. Rab1 Nf4 28. f3
Qc3 29. Qd1 d5 30. Bf1 Qc7 31. Be2 f5 32. gxf5 Nxh5+ 33. Kf2 Nf4 34. Ng2 Qd6
35. Qg1 Nh3+ 0-1

[Event "DVM 2005 u20"]
[Site "Berlin"]
[Date "2005.12.28"]
[Round "3.5"]
[White "Kasper, Andreas"]
[Black "Salenko, Vadym"]
[Result "1-0"]
[WhiteElo "1879"]
[BlackElo "2005"]
[PlyCount "77"]
[EventDate "1905.??.??"]

1. Nf3 d5 2. c4 e6 3. b3 Nf6 4. Bb2 b6 5. a3 Bb7 6. e3 Nbd7 7. d4 Bd6 8. Be2
O-O 9. O-O Ne4 10. Nc3 f5 11. Nb5 Be7 12. Ne5 Rf6 13. f3 Ng5 14. Qc2 c6 15. Nc3
Bd6 16. Nd1 Rh6 17. Nf2 Nf7 18. f4 c5 19. cxd5 Bxd5 20. Bc4 Bb7 21. Nxf7 Kxf7
22. Qxf5+ Ke7 23. Qg5+ Kf8 24. Qxd8+ Rxd8 25. Rad1 Ke7 26. d5 b5 27. Bxb5 exd5
28. Be2 Re6 29. Rfe1 Rxe3 30. Ba6 Kf8 31. Rxe3 Bxa6 32. Rxd5 Nb6 33. Rf5+ Kg8
34. g3 h6 35. Ne4 g6 36. Rf6 Nd5 37. Rxg6+ Kf8 38. Re1 Be7 39. Rxa6 1-0

[Event "DVM 2005 u20"]
[Site "Berlin"]
[Date "2005.12.28"]
[Round "3.6"]
[White "Müller, Philipp"]
[Black "Rath, Oliver"]
[Result "1/2-1/2"]
[WhiteElo "1994"]
[BlackElo "1900"]
[PlyCount "67"]
[EventDate "1905.??.??"]

1. d4 d5 2. c4 e6 3. Nc3 Nf6 4. Bg5 Be7 5. e3 Nbd7 6. cxd5 exd5 7. Nf3 O-O 8.
Bd3 Re8 9. O-O Nf8 10. h3 c6 11. Qc2 Ne4 12. Bf4 Nxc3 13. Qxc3 Ne6 14. Bh2 Ng5
15. Nxg5 Bxg5 16. Qc2 h6 17. b4 Be6 18. b5 Rc8 19. bxc6 Rxc6 20. Qd2 a6 21. a4
f5 22. Rab1 Rb6 23. a5 Rxb1 24. Rxb1 Re7 25. Bxa6 bxa6 26. Rb8 Bc8 27. Qc3 Rb7
28. Qxc8 Rb1+ 29. Rxb1 Qxc8 30. Rb8 Qxb8 31. Bxb8 Bd8 32. Kf1 Bxa5 33. Ke2 Bb4
34. Kd3 1/2-1/2

[Event "DVM 2005 u20"]
[Site "Berlin"]
[Date "2005.12.28"]
[Round "3.1"]
[White "Armbrust, Florian"]
[Black "Krutwig, Longlong"]
[Result "1/2-1/2"]
[WhiteElo "2280"]
[BlackElo "2193"]
[PlyCount "150"]
[EventDate "1905.??.??"]

1. e4 Nc6 2. Nf3 e5 3. Bb5 a6 4. Bxc6 dxc6 5. O-O f6 6. d4 exd4 7. Nxd4 c5 8.
Nb3 Bd6 9. Nxc5 Ne7 10. Nd3 Ng6 11. Nd2 Be6 12. f4 Bf7 13. Nf3 O-O 14. b3 Qe7
15. Re1 Rad8 16. Qe2 Rfe8 17. e5 Bb4 18. Bd2 Bxd2 19. Nxd2 fxe5 20. fxe5 Bd5
21. Nf3 c6 22. c4 Bxf3 23. Qxf3 Nh4 24. Qe3 Nf5 25. Qe4 Qg5 26. Rad1 Rd4 27.
Qe2 Nh4 28. g3 Ng6 29. e6 Qf5 30. Qf2 Qxf2+ 31. Kxf2 Red8 32. e7 Nxe7 33. Rxe7
Rxd3 34. Rxd3 Rxd3 35. Rxb7 Rd2+ 36. Kg1 Rxa2 37. Rc7 Rb2 38. Rxc6 Rxb3 39.
Rxa6 Rc3 40. Rc6 Rc2 {(=)} 41. Rc7 h6 42. h4 Kh7 43. h5 Kg8 44. c5 Kf8 45. c6
Rc5 46. Kg2 Rxh5 47. Rd7 Ke8 48. Rxg7 Kd8 49. Rh7 Kc8 50. Kf3 Rh1 51. g4 Rf1+
52. Kg3 Rg1+ 53. Kf4 Rf1+ 54. Ke5 Rg1 55. Kf5 Rf1+ 56. Ke4 Rf6 57. c7 Rg6 58.
Kf5 Rg5+ 59. Kf4 Rg6 60. Kg3 Kb7 61. Kh4 Kc8 62. Rf7 Kb7 63. Rf4 Kxc7 64. Kh5
Re6 65. Rf7+ Kd8 66. Rh7 Ke8 67. Rxh6 Re5+ 68. Kg6 Re6+ 69. Kg7 Re7+ 70. Kg8
Re5 71. Rg6 Ke7 72. g5 Re4 73. Rg7+ Ke6 74. Ra7 Kf5 75. Ra5+ Kg6 1/2-1/2

[Event "DVM 2005 u20"]
[Site "Berlin"]
[Date "2005.12.28"]
[Round "3.2"]
[White "Krug, Kevin"]
[Black "Lohr, Matthias"]
[Result "1-0"]
[WhiteElo "2111"]
[BlackElo "2146"]
[PlyCount "107"]
[EventDate "1905.??.??"]

1. e4 c5 2. Nf3 d6 3. d4 cxd4 4. Nxd4 Nf6 5. Nc3 Nc6 6. Be3 e5 7. Nb3 Be7 8.
Be2 O-O 9. O-O Be6 10. Qd2 d5 11. exd5 Nxd5 12. Nxd5 Qxd5 13. Qxd5 Bxd5 14. c4
Be6 15. Nc5 Bxc5 16. Bxc5 Rfd8 17. Rfd1 b6 18. Be3 Nb4 19. a3 Nc2 20. Rac1 Nxe3
21. fxe3 Rxd1+ 22. Rxd1 Rc8 23. Kf2 Kf8 24. Rc1 Ke7 25. Ke1 Bd5 26. g3 Be4 27.
Kd2 Rc6 28. Rf1 Rf6 29. Rxf6 Kxf6 30. Kc3 Bc6 31. c5 Kf5 32. cxb6 axb6 33. Kd3
Ke6 34. Bd1 f5 35. Kc4 Kd6 36. a4 g5 37. b4 f4 38. gxf4 exf4 39. exf4 gxf4 40.
Kd4 Ke6 41. a5 bxa5 42. bxa5 Kf5 43. Bc2+ Kg4 44. Bxh7 f3 45. Ke3 Kh3 46. Kf2
Kxh2 47. Bf5 Bb7 48. Bg4 Ba6 49. Bxf3 Kh3 50. Ke3 Kg3 51. Bc6 Bf1 52. Kd4 Kf4
53. Kc5 Ke5 54. Bb5 1-0

[Event "DVM 2005 u20"]
[Site "Berlin"]
[Date "2005.12.28"]
[Round "3.3"]
[White "Kühner, Christian"]
[Black "Papaioannou, Dimitri"]
[Result "1-0"]
[WhiteElo "2143"]
[BlackElo "2024"]
[PlyCount "68"]
[EventDate "1905.??.??"]

1. c4 Nf6 2. Nc3 c6 3. e4 e5 4. Nf3 d6 5. d4 Nbd7 6. Be2 Be7 7. O-O O-O 8. b3
Re8 9. Bb2 Qc7 10. Re1 Nf8 11. h3 Ng6 12. Bf1 Bf8 13. Qd2 Bd7 14. Rac1 Rad8 15.
a3 Qb8 16. d5 c5 17. b4 b6 18. b5 Nf4 19. Kh2 Qc8 20. Ng1 Ng6 21. Nge2 Nh5 22.
g3 Be7 23. Bg2 Rf8 24. f4 exf4 25. Nxf4 Ngxf4 26. gxf4 Bh4 27. Ne2 f5 28. e5
dxe5 29. fxe5 f4 30. Rf1 Bg3+ 31. Nxg3 fxg3+ 32. Kg1 Bxh3 33. Qg5 Bxg2 34. Kxg2
g6 1-0

[Event "DVM 2005 u20"]
[Site "Berlin"]
[Date "2005.12.28"]
[Round "3.4"]
[White "Albers, Damian"]
[Black "Fragin, Ilja"]
[Result "1/2-1/2"]
[WhiteElo "1974"]
[BlackElo "2042"]
[PlyCount "80"]
[EventDate "1905.??.??"]

1. e4 Nf6 2. e5 Nd5 3. c4 Nb6 4. a4 a5 5. d4 d6 6. exd6 exd6 7. Ra3 Bf5 8. Re3+
Be7 9. Bd3 Qd7 10. b3 Nc6 11. Bb2 Nb4 12. Bxf5 Qxf5 13. Na3 O-O 14. Ne2 Bf6 15.
Ng3 Qg6 16. Ne4 Bh4 17. O-O Rae8 18. Rfe1 f5 19. Nc3 Bg5 20. Rxe8 Rxe8 21.
Rxe8+ Qxe8 22. Nab5 Qe7 23. d5 Bf6 24. Kf1 Na6 25. Qc2 g6 26. Ba3 Nd7 27. Qe2
Kf7 28. f4 Nac5 29. Qd1 Qe3 30. Bc1 Qd3+ 31. Qxd3 Nxd3 32. Be3 N7c5 33. Ke2 Ke7
34. g3 c6 35. Nd4 Kd7 36. Kd2 Nb4 37. dxc6+ bxc6 38. Nce2 Ne4+ 39. Kd1 Nc5 40.
Kd2 Ne4+ 1/2-1/2

[Event "DVM 2005 u20"]
[Site "Berlin"]
[Date "2005.12.28"]
[Round "3.5"]
[White "Katte, Isabel"]
[Black "Rosenstein, Wadim"]
[Result "*"]
[WhiteElo "1950"]
[BlackElo "1831"]
[PlyCount "65"]
[EventDate "1905.??.??"]

1. e4 c5 2. Nc3 Nc6 3. f4 d6 4. Nf3 g6 5. Bb5 Bd7 6. O-O Bg7 7. d3 e6 8. Qe1
Nge7 9. Kh1 Rc8 10. Bc4 a6 11. f5 exf5 12. exf5 Bxf5 13. g4 Bxg4 14. Ng5 Ne5
15. Nxf7 Qd7 16. Nxh8 b5 17. Bf7+ Kd8 18. Nd5 Bf3+ 19. Rxf3 Nxf3 20. Qa5+ Rc7
21. Nxc7 Nc6 22. Ne6+ Ke7 23. Qc7 Bxh8 24. Qxd7+ Kxd7 25. Nf4 Nb4 26. c3 Nc2
27. Rb1 Nce1 28. Be6+ Ke7 29. Bd5 Ne5 30. Be4 c4 31. dxc4 Ng4 32. Nxg6+ hxg6
33. Bg5+ *